| 000 | 00447nam a22001697a 4500 | ||
|---|---|---|---|
| 003 | NUST - PNEC | ||
| 005 | 20170116180922.0 | ||
| 008 | 150905b xxu||||| |||| 00| 0 eng d | ||
| 020 | _a0201566117 | ||
| 040 | _cLIBRARY | ||
| 082 | _a621.3 CHE | ||
| 100 |
_97834 _aCheng, David K. |
||
| 245 |
_aFundamentals of engineering electromagnetics _cDavid K. Cheng |
||
| 260 | _cc.1993 | ||
| 650 |
_97835 _aElectrical engineering _xEE |
||
| 942 |
_2ddc _cBK |
||
| 999 |
_c65652 _d65652 |
||